| 000 | 01279nam a22003377a 4500 | ||
|---|---|---|---|
| 003 | CHAP | ||
| 005 | 20220329143614.0 | ||
| 008 | 100830s2007 mx r 00010 spa d | ||
| 010 | _a99164 | ||
| 011 | _a100136 | ||
| 035 | _a110822 | ||
| 040 | _cCHAP | ||
| 090 | _aTesis | ||
| 100 | 1 |
_aGarcía Maldonado, Katia Yetzani. _946244 |
|
| 245 | 1 | 0 |
_aAplicación de L- Carnitina vía mesoterapia estética para el control de la obesidad _c/por Katia Yetzani García Maldonado |
| 260 |
_aChapingo, Méx. : _bEl autor, _c2007. |
||
| 300 |
_a51 h. : _bilus. |
||
| 502 | _aTesis (Diplomado en Nutriología Médica y Mesoterapia Estéstica Para el Contro de la Obesidad) -- UACH. Centro de Educación Continua | ||
| 590 |
_aALEPH _b10 _c20130110 _lUCH01 _h1535 |
||
| 590 |
_aBATCH-UPD _b10 _c20130110 _lUCH01 _h1756 |
||
| 590 |
_aBATCH-UPD _b10 _c20130410 _lUCH01 _h1133 |
||
| 590 |
_aBATCH-UPD _b10 _c20130914 _lUCH01 _h1543 |
||
| 590 |
_aCONVERSION _b10 _c20130109 _lUCH01 _h1355 |
||
| 650 | 1 | 4 |
_aMedicina alternativa. _973914 |
| 650 | 1 | 4 |
_aNutrición. _982246 |
| 650 | 1 | 4 |
_aObesidad. _982504 |
| 901 | _aBK | ||
| 942 | _cFOLL | ||
| 949 |
_aTesis _bBC _cTES _d33724002217256 _eTS1 _gDonaciØn _h51019 _i110822 _si |
||
| 949 |
_aTesis _bBC _cTES _d33724002217298 _eTS2 _fc.2 _gDonaciØn _h51018 _i110822 _si |
||
| 999 |
_c99164 _d99164 |
||